Phong cách nghệ thuật truyện ngắn Nguyễn Huy Thiệp : Luận văn Thạc sĩ. Chuyên ngành Văn học Việt Nam

Giới thiệu về phong cách nghệ thuật và vài nét về truyện ngắn Nguyễn Huy Thiệp, phong cách nghệ thuật truyện ngắn xét từ phương diện nhân vật, chi tiết, kết cấu,...

Gardado en:
Detalles Bibliográficos
Autor Principal: Phan, Thị Thùy Dương
Formato: Libro
Idioma:Undetermined
Publicado: Cần Thơ Trường Đại học Cần Thơ 2018
Những chủ đề:
Các nhãn: Engadir etiqueta
Sen Etiquetas, Sexa o primeiro en etiquetar este rexistro!
Thư viện lưu trữ: Trung tâm Học liệu Trường Đại học Cần Thơ
LEADER 01072nam a2200217Ia 4500
001 CTU_228101
008 210402s9999 xx 000 0 und d
082 |a 895.9223009 
082 |b D561 
088 |a 8220121 
100 |a Phan, Thị Thùy Dương 
245 0 |a Phong cách nghệ thuật truyện ngắn Nguyễn Huy Thiệp : 
245 0 |b Luận văn Thạc sĩ. Chuyên ngành Văn học Việt Nam 
245 0 |c Phan Thị Thùy Dương ; Nguyễn Hoa Bằng (Cán bộ hướng dẫn) 
260 |a Cần Thơ 
260 |b Trường Đại học Cần Thơ 
260 |c 2018 
520 |a Giới thiệu về phong cách nghệ thuật và vài nét về truyện ngắn Nguyễn Huy Thiệp, phong cách nghệ thuật truyện ngắn xét từ phương diện nhân vật, chi tiết, kết cấu,... 
650 |a Short stories, Vietnamese,Truyện ngắn Việt Nam 
910 |b nthai 
980 |a Trung tâm Học liệu Trường Đại học Cần Thơ